000 00337nam a2200133Ia 4500
008 240624s9999 xx 000 0 und d
041 _aeng
082 _a658.1 SHA
100 _aSHARMA MANU
245 _aMERGERS AND ACUISITIONS AND CORPORATE VA
260 _c2015
_aNew Delhi
_bWiley
300 _a268 : p. : cm. ; 30
365 _cRS
_b33
999 _c26493
_d26493